Poems of Paul Celan

Guardat en:
Dades bibliogràfiques
Autor principal: Celan, Paul (Autor)
Format: Llibre
Idioma:anglès
Publicat: Nueva York Persea Books 1989
Matèries:
Etiquetes: Afegir etiqueta
Sense etiquetes, Sigues el primer a etiquetar aquest registre!

MARC

LEADER 00000nam a2200000 a 4500
001 UCW0271
003 CL-VaPUC
008 921029e19890000US |||||||||||||||||eng|d
082 0 4 |a A831.914  |b CEL  |2 21 
100 0 |a Celan, Paul  |e author  |9 304220 
245 1 0 |a Poems of Paul Celan 
300 |a 350 p 
942 |c BK 
945 |d 19921029 00:00:00 
260 |a Nueva York  |b Persea Books  |c 1989 
650 7 |a POESIAS AUSTRIACAS  |2 CL-VaPUC  |9 268568 
583 |a last modification  |c 20141219 01:12:06  |k Rodrigo Vera 
999 |c 215487  |d 215485 
952 |0 0  |1 0  |4 0  |6 A_831_914000000000000_CEL_1989  |7 0  |8 A  |9 199814  |a BIBART  |b BIBART  |d 2019-11-14  |i 2670879  |o A831.914 CEL 1989  |p 2670879  |r 2025-03-13  |w 2019-11-14  |y BK  |k ART